Sports Quiz

Random Sports or Olympics Quiz

Modern Pentathlon Quiz Stats

 Plays Quiz Updated Mar 11, 2016

Score 0/5 Timer 01:00
0 Plays Today
Events % Correct
Cross-country running (3 km)
87.3%
Freestyle swimming (200 m)
78.2%
Pistol shooting
74.2%
Épée Fencing
61.1%
Show jumping
59.9%

You're not logged in!

Compare scores with friends on all Sporcle quizzes.
OR
Log In

Sporcle TV

Today on Sporcle TV


Watch our educational content, quiz creation guides, and fun videos on Sporcle TV.

Show Comments

Extras

Top Quizzes Today


Score Distribution

Your Account Isn't Verified!

In order to create a playlist on Sporcle, you need to verify the email address you used during registration. Go to your Sporcle Settings to finish the process.

Report this User

Report this user for behavior that violates our Community Guidelines.

Details: